11 Busiest Air Routes out of Boston Logan International Airport - Statistics

General Stats
  • This quiz has been taken 929 times
    825 since last reset
  • The average score is 8 of 11
Answer Stats
Rank Passengers City % Correct
8 560,000 New York-JFK
93%
7 600,000 Los Angeles
92%
9 540,000 New York-LGA
90%
2 850,000 London
88%
1 908,000 Chicago
87%
4 731,000 Atlanta
83%
3 760,000 Washington
79%
5 627,000 San Francisco
75%
6 620,000 Philadelphia
60%
10 518,000 Charlotte
52%
11 492,000 Baltimore
38%
No matching quizzes found
Score Distribution
Percent of People with Each Score
Percentile by Number Answered
Your Score History
You have not taken this quiz since the last reset